[Event "Havana Province Oeste zt"]
[Site "Havana"]
[Date "2009.10.13"]
[Round "8"]
[White "Romero Meneses, Yosvany"]
[Black "Fernandez Mayola, Reynold Rafael"]
[Result "1-0"]
[WhiteElo "2019"]
[BlackElo "2052"]
[PlyCount "59"]
[EventDate "2009.10.03"]
[EventType "swiss"]
[EventRounds "9"]
[EventCountry "CUB"]
[SourceTitle "EXT 2012"]
[Source "ChessBase"]
[SourceDate "2011.11.24"]
[SourceVersion "1"]
[SourceVersionDate "2011.11.24"]
[SourceQuality "1"]

1. d4 Nf6 2. Nf3 e6 3. e3 c5 4. Bd3 b6 5. b3 Bb7 6. 0-0 Be7 7. Bb2 0-0 8. Nbd2 d5 9. Ne5 Nc6 10. f4 Nb4 11. Be2 Ne4 12. a3 Nc6 13. Bd3 f5 14. Rf3 Nxe5 15. dxe5 Rc8 16. Rh3 Nxd2 17. Qxd2 c4 18. Bf1 Qc7 19. bxc4 dxc4 20. Bd4 c3 21. Qd1 g6 22. a4 Be4 23. Bd3 Bxd3 24. Qxd3 Qc4 25. Qxc4 Rxc4 26. a5 b5 27. Bxa7 Ra8 28. Bd4 b4 29. a6 Rc6 30. a7 1-0

[Event "Havana Province Oeste zt"]
[Site "Havana"]
[Date "2009.10.07"]
[Round "4"]
[White "Romero Meneses, Yosvany"]
[Black "Gomez Perdomo, Ronald"]
[Result "0-1"]
[WhiteElo "2019"]
[BlackElo "2034"]
[PlyCount "46"]
[EventDate "2009.10.03"]
[EventType "swiss"]
[EventRounds "9"]
[EventCountry "CUB"]
[SourceTitle "EXT 2012"]
[Source "ChessBase"]
[SourceDate "2011.11.24"]
[SourceVersion "1"]
[SourceVersionDate "2011.11.24"]
[SourceQuality "1"]

1. c4 e5 2. Nc3 Nf6 3. Nf3 Nc6 4. g3 d6 5. Bg2 Be7 6. 0-0 0-0 7. a3 Be6 8. d3 e4 9. Ng5 exd3 10. Nxe6 fxe6 11. exd3 d5 12. cxd5 exd5 13. Nxd5 Nxd5 14. Qb3 Rf5 15. Be4 Nd4 16. Qc4 Bf6 17. g4 b5 18. Qa2 Nf3+ 19. Kg2 Nh4+ 20. Kh1 Re5 21. f4 Rxe4 22. dxe4 c6 23. exd5 Qe8 0-1